000 00499nam a2200157Ia 4500
008 210716s2005 xx 000 0 und d
020 _a8178082624
041 _aeng
082 _a004.06 SHNB
100 _aShneiderman, Ben.
245 _aDesigning the user interface: strategies for effective human computer interaction.
_bStrategies for effective human computer interaction.
250 _a3
260 _aNew Delhi
_bPearson Education
_c2005
300 _a653
650 _aComputer Fundamentals
999 _c187981
_d187981